Los métodos actuales del pensamiento

Na minha lista:
Detalhes bibliográficos
Autor principal: Bochenski, I. M.
Formato: Livro
Idioma:Undetermined
Publicado em: Madrid, España Ediciones Rialp 1965
Edição:4
Assuntos:
Tags: Adicionar Tag
Sem tags, seja o primeiro a adicionar uma tag!

MARC

LEADER 00000nam a2200000Ia 4500
008 170316s9999 xx 000 0 und d
090 |a 100 B-45m 
100 |a Bochenski, I. M. 
245 |a Los métodos actuales del pensamiento 
250 |a 4 
260 |a Madrid, España 
260 |b Ediciones Rialp 
260 |c 1965 
300 |a 278 páginas 
650 |a FILOSOFÍA 
999 |c 15740  |d 15740 
040 |a cru BVZT 
942 |c 15 D  |h 100 B-45m  |2 z